| 000 | 00721nam a2200205 a 4500 | ||
|---|---|---|---|
| 001 | 000007220 | ||
| 005 | 20200929154112.0 | ||
| 008 | 090907s2004 dr 000 0 spa d | ||
| 020 | _a994500008X | ||
| 040 |
_aDO-SdBNP _bspa _cBNPHU |
||
| 082 |
_a616.99463 _bP349t |
||
| 100 | 1 |
_aPeña Nina, Domingo _919121 |
|
| 245 | 1 | 3 |
_aLa traicionera próstata y sus problemas : _bguía completa para hombres prudentes / _cDomingo Peña Nina. |
| 260 |
_aSanto Domingo : _bPeña Nina, _c2004. |
||
| 300 |
_a302 p. : _bil. ; _c23 cm. |
||
| 590 | _aInventariado,2018/DG | ||
| 650 | 4 |
_aEnfermedades de la próstata _xPrevención y control _920030 |
|
| 650 | 4 |
_aNeoplasmas de la próstata _920031 |
|
| 910 | _aValidado. Control de calidad MFF | ||
| 999 |
_c7001 _d7001 |
||